La forma visual de la arquitectura

Salvato in:
Dettagli Bibliografici
Autore principale: Arnheim, Rudolf (Autore)
Natura: Libro
Lingua:spagnolo
Pubblicazione: Barcelona Gustavo Gili 2001
Edizione:2a. ed
Serie:GG Reprints
Soggetti:
Tags: Aggiungi Tag
Nessun Tag, puoi essere il primo ad aggiungerne!!

MARC

LEADER 00000nam a2200000 a 4500
001 UCG6650
003 CL-VaPUC
008 110509e20010000SP |||||||||||||||||spa|d
020 |a 8425218276 
082 0 4 |a 720.1  |b ARN  |2 21 
100 0 |a Arnheim, Rudolf  |e author  |9 556973 
245 1 3 |a La forma visual de la arquitectura 
250 |a 2a. ed 
300 |a 229 p 
942 |c BK 
945 |d 20110509 00:00:00  |a jcampos 
260 |a Barcelona  |b Gustavo Gili  |c 2001 
650 0 |a Arquitectura  |9 804558 
650 0 |a Filosofía de la arquitectura  |9 267382 
650 7 |a DETALLES ARQUITECTONICOS  |2 CL-VaPUC  |9 326271 
650 0 |a Estética   |9 264950 
650 0 |a Edificios   |9 260501 
583 |a last modification  |c 20110509 00:00:00  |k Rodrigo Vera 
490 0 |a GG Reprints 
999 |c 344807  |d 344805 
952 |0 0  |1 0  |4 0  |6 720_100000000000000_ARN_2001  |7 0  |8 A  |9 443006  |a BIBARQ  |b BIBARQ  |d 2019-11-22  |i 4774647  |l 2  |o 720.1 ARN 2001  |p 4774647  |r 2025-01-20  |s 2023-05-08  |w 2019-11-22  |y BK  |k ARQ